000 00661nam a2200193 a 4500
005 20140228171919.0
008 140228b1975 sp ||||| |||| 00| 0 spa d
041 _aspa
044 _asp
090 _aLB
_b01572
100 _aCharles, Jeffrey
_912883
245 _aNomenclatura biológica
_bCódigo internacional de nomenclatura botánica y Código internacional de nomenclatura zoológica
260 _aMadrid
_bHerman Blume Ediciones
_c1975
300 _a360 p.
650 _aNomenclatura
_97564
650 _aCódigo internacional de nomenclatura botánica
_912884
650 _aCódigo internacional de nomenclatura zoológica
_912885
942 _cImpreso
_2z
999 _c1579
_d1579